| 000 | 00568cam a22001457a 4500 | ||
|---|---|---|---|
| 008 | 180718b1988 xxu||||| |||| 00| 0 eng d | ||
| 082 | _aAPPPA 87-88 NAU | ||
| 100 | _aNautiyal, M. | ||
| 245 |
_aObeservations of principles of natural justice in departmental disciplinary proceeings: an overview in the light of constitutional provisions _cby M. Nautiyal |
||
| 260 |
_aNew Delhi _bIndian Institute of Public Administration _c1988 |
||
| 300 | _a130p. | ||
| 650 | _aConstitutional provisions | ||
| 650 | _aDepartmental disciplinary proceeings | ||
| 650 | _aNatural justice | ||
| 999 |
_c501469 _d501469 |
||